=LDR 00000nam 2200000 4500 =001 INLIS000000000010713 =005 20130612102332 =008 ***********************************Ind** =035 ##$$0010-061300000010713 =041 ##$$a Ind =082 ##$$a 374.04 =090 ##$$a 374.04, Fre-p =100 ##$$a Freire, Paulo =245 ##$$a Pendidikan masyarakat kota, Paulo Freire =260 ##$$a 2003 $b Yogyakarta =300 ##$$a xvi, 160 hlm, 21 cm =650 ##$$a Pendidikan Masyarakat Kota =850 ##$$a NBPNMAT